000 00668nam a2200205Ia 4500
003 OSt
005 20240513105104.0
008 210210b2003 xxu||||| |||| 00| 0 eng d
040 _cAL
041 _aKannada
082 _aK894.9 GURA
100 _aGURULINGA KAPASE.
_dಗುರುಲಿಂಗ ಕಾಪಸೆ
_9164180
245 _aAnandakanda deshi pratibeya sadane.
_bಆನಂದಕನ ದೇಶೀ ಪ್ರತಿಭೆಯ ಸಾಧನೆ
260 _aBengaluru
_bKarnataka Sahithya Akademi.,
_c2003
300 _aviii,100
650 _aAnandakanda vichara sankirana
_9164181
690 _aKannada Criticism
_9164182
906 _aSG04215
942 _2ddc
_cBK
999 _c115036
_d115036